000 00245nam a2200097Ia 4500
082 _aJ 791.40293 MEDI
245 0 _aFilm
100 _a Medina, Sarah, , 1960- London, 2009
_914867
942 _cBK
008 210816s9999 xx 000 0 und d
999 _c77460
_d77460